<?xml version="1.0" encoding="UTF-8"?>
<record
    xmlns:xsi="http://www.w3.org/2001/XMLSchema-instance"
    xsi:schemaLocation="http://www.loc.gov/MARC21/slim http://www.loc.gov/standards/marcxml/schema/MARC21slim.xsd"
    xmlns="http://www.loc.gov/MARC21/slim">

  <leader>00697cam a22002651a 4500</leader>
  <datafield tag="999" ind1=" " ind2=" ">
    <subfield code="c">23646</subfield>
    <subfield code="d">23646</subfield>
  </datafield>
  <controlfield tag="001">YPZ93544</controlfield>
  <controlfield tag="003">YPZ</controlfield>
  <controlfield tag="005">20200522075847.0</controlfield>
  <controlfield tag="008">101021|###########||||||b||||||||||spa|d</controlfield>
  <datafield tag="020" ind1=" " ind2=" ">
    <subfield code="a">9789875743571 (v.1)</subfield>
  </datafield>
  <datafield tag="040" ind1=" " ind2=" ">
    <subfield code="c">SIUNPA</subfield>
  </datafield>
  <datafield tag="041" ind1=" " ind2=" ">
    <subfield code="a">spa</subfield>
  </datafield>
  <datafield tag="044" ind1=" " ind2=" ">
    <subfield code="a">ag</subfield>
  </datafield>
  <datafield tag="080" ind1=" " ind2=" ">
    <subfield code="a">930(82) A175h</subfield>
  </datafield>
  <datafield tag="100" ind1=" " ind2=" ">
    <subfield code="a">Acha, Omar.</subfield>
  </datafield>
  <datafield tag="245" ind1=" " ind2=" ">
    <subfield code="a">Historia cr&#xED;tica de la historiograf&#xED;a argentina</subfield>
    <subfield code="c">/ Omar Acha</subfield>
  </datafield>
  <datafield tag="260" ind1=" " ind2=" ">
    <subfield code="a">Buenos Aires</subfield>
    <subfield code="b"> : Prometeo Libros</subfield>
    <subfield code="c"> , 2009</subfield>
  </datafield>
  <datafield tag="300" ind1=" " ind2=" ">
    <subfield code="a">v.</subfield>
  </datafield>
  <datafield tag="500" ind1=" " ind2=" ">
    <subfield code="a">La biblioteca posee v.1</subfield>
  </datafield>
  <datafield tag="505" ind1=" " ind2=" ">
    <subfield code="a">Contenido: v.1. Las izquierdas en el siglo XX</subfield>
  </datafield>
  <datafield tag="650" ind1=" " ind2=" ">
    <subfield code="a"> HISTORIOGRAFIA</subfield>
  </datafield>
  <datafield tag="650" ind1=" " ind2=" ">
    <subfield code="a"> SIGLO XX</subfield>
  </datafield>
  <datafield tag="650" ind1=" " ind2=" ">
    <subfield code="a"> ARGENTINA</subfield>
  </datafield>
  <datafield tag="942" ind1=" " ind2=" ">
    <subfield code="c">BK</subfield>
    <subfield code="2">udc</subfield>
  </datafield>
  <datafield tag="952" ind1=" " ind2=" ">
    <subfield code="0">0</subfield>
    <subfield code="1">0</subfield>
    <subfield code="2">udc</subfield>
    <subfield code="3">1</subfield>
    <subfield code="4">0</subfield>
    <subfield code="7">0</subfield>
    <subfield code="8">CG</subfield>
    <subfield code="a">BIB_RECT</subfield>
    <subfield code="b">BIB_UARG</subfield>
    <subfield code="d">2010-10-14</subfield>
    <subfield code="e">Compra SIUNPA</subfield>
    <subfield code="g">59.00</subfield>
    <subfield code="i">05-40184</subfield>
    <subfield code="o">930(82) A175h</subfield>
    <subfield code="p">05-40184</subfield>
    <subfield code="r">2019-04-03</subfield>
    <subfield code="v">59.00</subfield>
    <subfield code="w">2019-04-03</subfield>
    <subfield code="y">BK</subfield>
  </datafield>
</record>
